000 01044nam a2200241 i 4500
001 186563
003 ES-MaACL
005 20250716063339.0
008 161125s1944 fr |||| |dfre d
080 _a239:271.5
100 1 _aPascal, Blaise,
_d1623-1662
_989307
245 1 4 _aLes provinciales
_bou Les lettres escrites : par Louis de Montalte à un provincial de ses amis et aux RR. PP. Jesuites, sur le sujet de la morale et la politique de ces pères /
_cBlaise Pascal ; édition annotée et précédée d'un prologue par Zacharie Tourneur.
260 _aParis :
_bÉditions de Cluny,
_c[1944]
300 _a2 v. (334, 278 p.) ;
_c18 cm.
490 1 _aBibliothèque de Cluny ;
_v47, 48
610 2 4 _aJesuitas-
_vObras de controversia.
_9151987
650 4 _aJansenismo.
_9151988
700 1 _aTourneur, Zacharie.
_9161376
740 4 2 _aLes lettres escrites.
830 0 _aBibliothèque de Cluny ;
_v47, 48
_9192583
852 _aES-MaACL
_jL-30916-17
_z. - Biblioteca Jacinto Martínez Lacalle
999 _c186563
_d186563